000 00648nam a2200289Ia 4500
005 20260324122457.0
008 008 260324s9999 xx 000 0 eng d
020 _a9781315649498
037 _aEBOOK
040 _aCRL
040 _beng
040 _cCRL
041 _2eng
041 _aeng
084 _qCRL
100 _aMargaret S Yoon
_91166598
245 4 _aThe Citizen
245 0 _bby Ann Gomersall
260 _bTaylor and Francis
260 _c2013
365 _a
365 _b220
856 _uhttp://www.taylorfrancis.com/books/9781315649498
942 _cEBOOK
999 _c1759379
_d1759379